[Event "International Tournament "]
[Site "Pool "]
[Date "2021.07.10"]
[Round "2.27"]
[White "Gokcek, Kursat Bugra"]
[Black "Agibileg, Uurtsaikh"]
[Result "0-1"]
[WhiteElo "2089"]
[BlackElo "2413"]
[PlyCount "58"]
[EventDate "2021.07.09"]

1. e4 c5 2. Nf3 e6 3. d4 cxd4 4. Nxd4 Nc6 5. Nc3 Qc7 6. Be2 g6 7. Nxc6 bxc6 8.
Qd3 Bd6 9. O-O Bxh2+ 10. Kh1 Bf4 11. Bxf4 Qxf4 12. g3 Qc7 13. f4 d5 14. Rae1
Nf6 15. e5 Nd7 16. g4 Bb7 17. b4 g5 18. f5 O-O-O 19. Na4 h5 20. gxh5 g4 21.
Bxg4 Nxe5 22. Rxe5 Qxe5 23. Nc5 Rdg8 24. Qh3 Qd4 25. Bf3 e5 26. f6+ Kb8 27. a4
Bc8 28. Qh2 Bg4 29. Bxg4 Qxg4 0-1

[Event "International Tournament "]
[Site "Pool "]
[Date "2021.07.10"]
[Round "2.28"]
[White "Babazada, Khazar"]
[Black "Antova, Gabriela"]
[Result "1-0"]
[WhiteElo "2409"]
[BlackElo "2241"]
[Annotator "Balkanchess"]
[PlyCount "50"]
[EventDate "2021.07.09"]

1. e4 c5 2. Nf3 d6 3. d4 cxd4 4. Nxd4 Nf6 5. Nc3 a6 6. Bd3 g6 7. f3 Bg7 8. Be3
Nbd7 9. Qd2 h5 10. a4 b6 11. O-O Bb7 12. Rad1 Ne5 13. Qe2 O-O 14. h3 Qc7 15. f4
Nxd3 16. cxd3 e5 17. Nf3 Bc6 18. Rc1 Qb8 19. b4 b5 20. a5 Re8 21. Qf2 Qb7 22.
Qg3 exf4 23. Qxf4 Nd7 24. Nd4 Ne5 25. Rcd1 Rac8 {...35} 1-0

[Event "International Tournament "]
[Site "Pool "]
[Date "2021.07.10"]
[Round "2.29"]
[White "Stankovic, Boris"]
[Black "Raja, Rithvik R"]
[Result "0-1"]
[WhiteElo "2084"]
[BlackElo "2408"]
[PlyCount "92"]
[EventDate "2021.07.09"]

1. e4 c5 2. Nf3 d6 3. d4 cxd4 4. Nxd4 Nf6 5. Nc3 a6 6. Bg5 e6 7. f4 h6 8. Bh4
Be7 9. Qf3 Nbd7 10. O-O-O Qc7 11. Bd3 g5 12. e5 gxh4 13. exf6 Nxf6 14. f5 e5
15. Nde2 Bd7 16. Be4 Nxe4 17. Qxe4 Rc8 18. Kb1 Rg8 19. Nd5 Qc4 20. Rd4 Qxc2+
21. Qxc2 Rxc2 22. Kxc2 exd4 23. Nxd4 Rxg2+ 24. Kb3 Bd8 25. Re1+ Kf8 26. Ne6+
fxe6 27. fxe6 Bb5 28. a4 Bc6 29. e7+ Bxe7 30. Nxe7 Rxh2 31. Nxc6 bxc6 32. Re6
Rd2 33. Rxh6 Rd4 34. Kc3 c5 35. b4 Kg7 36. Re6 h3 37. b5 h2 38. Re1 Rxa4 39. b6
Rb4 40. Rh1 Rxb6 41. Rxh2 Kf6 42. Kc4 Rb4+ 43. Kd5 Rd4+ 44. Kc6 c4 45. Ra2 c3
46. Rxa6 c2 0-1

[Event "International Tournament "]
[Site "Pool "]
[Date "2021.07.10"]
[Round "2.30"]
[White "Perez Gormaz, Matias"]
[Black "Ljepic, Andrej"]
[Result "1-0"]
[WhiteElo "2400"]
[BlackElo "2136"]
[PlyCount "85"]
[EventDate "2021.07.09"]

1. d4 Nf6 2. c4 c5 3. e3 e6 4. Nc3 d5 5. Nf3 Nc6 6. cxd5 exd5 7. Bb5 a6 8.
Bxc6+ bxc6 9. O-O Bd6 10. dxc5 Bxc5 11. b3 O-O 12. Bb2 Bg4 13. Rc1 Bd6 14. Ne2
Rc8 15. Ng3 Qe7 16. Qd3 Ba3 17. Bxa3 Qxa3 18. Ne5 Bd7 19. Nxd7 Nxd7 20. Qd4 Nf6
21. Nf5 Rfe8 22. Qf4 Re6 23. Nd4 Re4 24. Qf5 Rce8 25. Rxc6 Qxa2 26. h3 a5 27.
Qg5 h6 28. Qg3 R4e5 29. Rfc1 Ne4 30. Qf4 a4 31. Rc7 Nf6 32. Ra7 Qd2 33. Rcc7
Qe1+ 34. Kh2 Re4 35. Qf3 Rh4 36. Rxf7 Ng4+ 37. Kg3 Rxh3+ 38. gxh3 Qg1+ 39. Kh4
g5+ 40. Kh5 Ne5 41. Rg7+ Kh8 42. Rh7+ Kg8 43. Rag7# 1-0

[Event "International Tournament "]
[Site "Pool "]
[Date "2021.07.10"]
[Round "2.31"]
[White "Sargsyan, Anna M"]
[Black "Randjelovic, Nenad"]
[Result "1-0"]
[WhiteElo "2397"]
[BlackElo "1926"]
[PlyCount "53"]
[EventDate "2021.07.09"]

1. d4 Nf6 2. c4 g6 3. g3 Bg7 4. Bg2 O-O 5. Nc3 d6 6. Nf3 Nc6 7. O-O a6 8. Qd3
Rb8 9. h3 Bd7 10. e4 e5 11. d5 Ne7 12. b4 Ne8 13. Nd2 f5 14. f3 Nf6 15. a4 Nh5
16. Ne2 Kh8 17. c5 Be8 18. Nc4 Ng8 19. Bd2 Rf7 20. Qa3 Bf8 21. g4 Ng7 22. f4
exf4 23. exf5 gxf5 24. Nxf4 b5 25. cxb6 cxb6 26. Ne6 Qh4 27. Bg5 1-0

[Event "International Tournament "]
[Site "Pool "]
[Date "2021.07.10"]
[Round "2.32"]
[White "Radovanovic, Nikola"]
[Black "Phatak, Aanjaneya"]
[Result "1/2-1/2"]
[WhiteElo "2395"]
[BlackElo "1769"]
[PlyCount "77"]
[EventDate "2021.07.09"]

1. d4 Nf6 2. Nf3 e6 3. c4 d5 4. Bg5 Bb4+ 5. Nbd2 dxc4 6. e3 b5 7. a4 c6 8. Be2
Nbd7 9. O-O h6 10. Bh4 Bb7 11. Qc2 Be7 12. e4 a6 13. e5 Nd5 14. Bxe7 Qxe7 15.
Ne4 O-O 16. Nd6 N7b6 17. Nd2 Nc8 18. N2e4 Rd8 19. b3 c3 20. Nxb7 Qxb7 21. Nc5
Qb8 22. Qe4 Nce7 23. g4 Qc8 24. f4 f5 25. exf6 Nxf6 26. Qxe6+ Qxe6 27. Nxe6 Rd6
28. f5 b4 29. a5 Ned5 30. Nc5 Ne3 31. Rf4 Nc2 32. Rd1 Nd5 33. Re4 Nc7 34. Bc4+
Kh7 35. Re7 Nd5 36. Bxd5 cxd5 37. Ne6 Kh8 38. f6 gxf6 39. Rf1 1/2-1/2

[Event "International Tournament "]
[Site "Pool "]
[Date "2021.07.10"]
[Round "2.33"]
[White "Yankelevich, Lev"]
[Black "Galiev, Ernest"]
[Result "1-0"]
[WhiteElo "2389"]
[BlackElo "1669"]
[PlyCount "63"]
[EventDate "2021.07.09"]

1. e4 c5 2. Nf3 d6 3. c3 Nf6 4. g3 g6 5. Bg2 Bg7 6. O-O O-O 7. Re1 Bg4 8. h3
Bxf3 9. Qxf3 Nc6 10. d3 Qb6 11. Na3 Nd7 12. Qe2 Qa6 13. Bg5 Rab8 14. Qd2 Rfc8
15. Nc2 Qa5 16. a3 Qc7 17. Ne3 e6 18. Ng4 f6 19. Be3 h5 20. Nh2 b5 21. f4 b4
22. f5 bxc3 23. bxc3 exf5 24. exf5 Qb6 25. Bd5+ Kh8 26. fxg6 Ne7 27. Qe2 Nxd5
28. Qxh5+ Kg8 29. Qxd5+ Kh8 30. Qh5+ Kg8 31. Qh7+ Kf8 32. Bh6 1-0

[Event "International Tournament "]
[Site "Pool "]
[Date "2021.07.10"]
[Round "2.34"]
[White "Farkas, Sandor I"]
[Black "Pikula, Dejan"]
[Result "0-1"]
[WhiteElo "2038"]
[BlackElo "2384"]
[PlyCount "75"]
[EventDate "2021.07.09"]

1. d4 Nf6 2. Nc3 d6 3. e4 e5 4. dxe5 dxe5 5. Qxd8+ Kxd8 6. Bc4 Ke8 7. a3 c6 8.
Nf3 Bd6 9. O-O h6 10. h3 Ke7 11. Be3 Be6 12. Bxe6 Kxe6 13. Nd2 Nbd7 14. Nc4 Bc5
15. b4 Bxe3 16. Nxe3 g6 17. Rfd1 Rhd8 18. g3 Nb6 19. f3 Ne8 20. Rxd8 Rxd8 21.
Rd1 Ra8 22. f4 Nd6 23. Rd3 h5 24. b5 cxb5 25. Ncd5 Nxd5 26. exd5+ Kf6 27. fxe5+
Kxe5 28. Kf2 f5 29. Kf3 g5 30. g4 hxg4+ 31. hxg4 f4 32. Nf5 Nxf5 33. gxf5 Kxf5
34. d6 g4+ 35. Kf2 Rd8 36. d7 Ke6 37. Rd4 Rxd7 38. Rxf4 0-1

[Event "International Tournament "]
[Site "Pool "]
[Date "2021.07.10"]
[Round "2.35"]
[White "Demir, Hilmi Mustafa"]
[Black "Nugumanov, Bakhtiyar"]
[Result "0-1"]
[WhiteElo "1762"]
[BlackElo "2375"]
[Annotator "Balkanchess"]
[PlyCount "53"]
[EventDate "2021.07.09"]

1. e4 c6 2. d4 d5 3. Nd2 dxe4 4. Nxe4 Nf6 5. Nxf6+ exf6 6. c3 Bd6 7. Bd3 Na6 8.
Qc2 Nc7 9. Bd2 h5 10. Ne2 Nd5 11. Bf5 g6 12. Qe4+ Kf8 13. Bxc8 Qxc8 14. O-O-O
b5 15. Nf4 Bxf4 16. Bxf4 Kg7 17. Bd2 a5 18. Rhe1 a4 19. Kb1 Qd7 20. Qf3 Qg4 21.
Re4 Qxf3 22. gxf3 h4 23. Rde1 Nb6 24. b3 axb3 25. axb3 Ra3 26. Kc2 Ra2+ 27. Kd3
{...36} 0-1

[Event "International Tournament "]
[Site "Pool "]
[Date "2021.07.10"]
[Round "2.36"]
[White "Debevec, Blaz"]
[Black "Safarli, Eltaj"]
[Result "0-1"]
[WhiteElo "2135"]
[BlackElo "2604"]
[PlyCount "60"]
[EventDate "2021.07.09"]

1. e4 c5 2. Nf3 Nc6 3. d4 cxd4 4. Nxd4 Qb6 5. Nb3 Nf6 6. Nc3 e6 7. Be3 Qc7 8.
Bd3 Bb4 9. Bd2 a6 10. f4 Bxc3 11. bxc3 d6 12. O-O e5 13. Qe1 h6 14. Qg3 Nh5 15.
Qh4 Nxf4 16. Bxf4 exf4 17. Qxf4 Ne5 18. Qg3 O-O 19. Nd4 Qxc3 20. Ne2 Qc5+ 21.
Kh1 Ng6 22. Nf4 Nxf4 23. Rxf4 Be6 24. a4 Rac8 25. Rff1 Rfd8 26. Rab1 Rd7 27. h3
Qd4 28. a5 Rc5 29. Rb6 Rxa5 30. Rfb1 Ra1 0-1

[Event "International Tournament "]
[Site "Pool "]
[Date "2021.07.10"]
[Round "2.37"]
[White "Aleksandrov, Aleksej"]
[Black "Ufimtsev, Egor"]
[Result "1-0"]
[WhiteElo "2535"]
[BlackElo "2168"]
[PlyCount "59"]
[EventDate "2021.07.09"]

1. c4 c6 2. Nf3 d5 3. e3 e6 4. b3 Nf6 5. Bb2 Nbd7 6. Qc2 Bd6 7. Nc3 O-O 8. h4
e5 9. cxd5 cxd5 10. Nb5 Bb8 11. Rc1 e4 12. Nfd4 Be5 13. Nc7 Bxc7 14. Qxc7 Qxc7
15. Rxc7 Ne5 16. Be2 Nd3+ 17. Bxd3 exd3 18. f3 h5 19. Kf2 b6 20. Nc6 Be6 21.
Nxa7 d4 22. Bxd4 Nd5 23. Rb7 Nb4 24. Bxb6 Rfb8 25. Rxb8+ Rxb8 26. Bc5 Nxa2 27.
Rb1 Nb4 28. Bxb4 Rxb4 29. Nc6 Rb5 30. Nd4 1-0

[Event "International Tournament "]
[Site "Pool "]
[Date "2021.07.10"]
[Round "2.38"]
[White "Mohammad, Nubairshah Shaikh"]
[Black "Ojas, Kulkarni"]
[Result "1-0"]
[WhiteElo "2436"]
[BlackElo "2216"]
[PlyCount "77"]
[EventDate "2021.07.09"]

1. d4 Nf6 2. c4 c5 3. d5 e6 4. Nc3 exd5 5. cxd5 d6 6. e4 g6 7. h3 Bg7 8. Nf3
O-O 9. Bd3 Nh5 10. O-O Nd7 11. Bg5 Bf6 12. Be3 Re8 13. Nd2 Bd4 14. Re1 Ne5 15.
Bf1 a6 16. Nf3 Bxe3 17. Rxe3 Qf6 18. a4 Nf4 19. Rb1 Bd7 20. b4 c4 21. Nxe5 Rxe5
22. Qf3 g5 23. g3 Nxh3+ 24. Bxh3 Qxf3 25. Rxf3 Bxh3 26. Rf6 Rd8 27. Rh6 Bc8 28.
f4 gxf4 29. gxf4 Re7 30. f5 Kg7 31. Rh4 Rg8 32. Kf2 Kf6 33. Rbh1 Ke5 34. Rxh7
b5 35. a5 Bd7 36. R1h3 Be8 37. Kf3 Rc7 38. f6 Rg5 39. Rg7 1-0

[Event "International Tournament "]
[Site "Pool "]
[Date "2021.07.10"]
[Round "2.39"]
[White "Lever, Erwan"]
[Black "Kosic, Dragan"]
[Result "1/2-1/2"]
[WhiteElo "2231"]
[BlackElo "2419"]
[PlyCount "67"]
[EventDate "2021.07.09"]

1. d4 Nf6 2. c4 e6 3. g3 Bb4+ 4. Bd2 a5 5. Bg2 d6 6. e3 O-O 7. Ne2 e5 8. O-O
Bxd2 9. Nxd2 Nc6 10. d5 Nb8 11. Qc2 Na6 12. a3 Bd7 13. Nc3 Qe7 14. Rfd1 g6 15.
b3 Bf5 16. e4 Bd7 17. Rf1 c6 18. dxc6 bxc6 19. Rfd1 Nc5 20. b4 Ne6 21. Qd3 axb4
22. axb4 Nd4 23. Ne2 Nxe2+ 24. Qxe2 Rab8 25. Rab1 Bg4 26. Bf3 Be6 27. Nf1 h5
28. Ne3 Kg7 29. h4 Rfd8 30. Qb2 Ng4 31. Bxg4 hxg4 32. Rd3 Rd7 33. Rbd1 f6 34.
Qd2 1/2-1/2

[Event "International Tournament "]
[Site "Pool "]
[Date "2021.07.10"]
[Round "2.41"]
[White "Balabayeva, Xeniya"]
[Black "Simantsev, Mikhail"]
[Result "0-1"]
[WhiteElo "2116"]
[BlackElo "2398"]
[Annotator "Balkanchess"]
[PlyCount "48"]
[EventDate "2021.07.09"]

1. e4 e5 2. Nf3 Nc6 3. Nc3 Nf6 4. Bb5 Bb4 5. d3 O-O 6. O-O Bxc3 7. bxc3 d6 8.
Bg5 h6 9. Bh4 a6 10. Ba4 Bd7 11. Bb3 Na5 12. Qd2 Qe7 13. h3 Kh8 14. Bxf6 Qxf6
15. Nh2 g5 16. Rae1 Nxb3 17. axb3 Rae8 18. Re3 Qg6 19. g4 h5 20. Kg2 f6 21.
gxh5 Qxh5 22. Rg3 Rg8 23. Qd1 Qh4 24. Rh1 Re7 {...54} 0-1

[Event "International Tournament "]
[Site "Pool "]
[Date "2021.07.10"]
[Round "2.42"]
[White "Mamedov, Edgar"]
[Black "Milosevic, Milos"]
[Result "1/2-1/2"]
[WhiteElo "2129"]
[BlackElo "2396"]
[Annotator "Balkanchess"]
[PlyCount "47"]
[EventDate "2021.07.09"]

1. d4 Nf6 2. c4 e6 3. Nf3 c5 4. d5 exd5 5. cxd5 g6 6. Nc3 Bg7 7. e4 d6 8. Be2
O-O 9. O-O Bg4 10. Nd2 Bxe2 11. Qxe2 Re8 12. a4 Nbd7 13. Nc4 Ne5 14. Nxe5 Rxe5
15. Bf4 Re8 16. Rfe1 Nh5 17. Bd2 Bd4 18. Rad1 a6 19. Be3 Bxc3 20. bxc3 Rxe4 21.
c4 Qd7 22. Qc2 Rae8 23. Rb1 f5 24. Qb3 {...63} 1/2-1/2

[Event "International Tournament "]
[Site "Pool "]
[Date "2021.07.10"]
[Round "2.43"]
[White "Skonnord, Uno"]
[Black "Bhambure, Shantanu"]
[Result "1-0"]
[WhiteElo "2112"]
[BlackElo "2391"]
[Annotator "Balkanchess"]
[PlyCount "45"]
[EventDate "2021.07.09"]

1. e4 c5 2. Nc3 d6 3. d4 cxd4 4. Qxd4 e5 5. Qd2 Nf6 6. b3 Nbd7 7. Bb2 Nc5 8.
Bb5+ Bd7 9. Bxd7+ Qxd7 10. f3 Be7 11. Nge2 O-O 12. g4 Ne6 13. h4 Rfd8 14. g5
Nh5 15. Nd5 Bf8 16. O-O-O b5 17. Kb1 Qb7 18. Qa5 Rdc8 19. Rd3 Rc6 20. Rc1 Nc5
21. Rdd1 Rb8 22. a3 g6 23. Qd2 {...42} 1-0

[Event "International Tournament "]
[Site "Pool "]
[Date "2021.07.10"]
[Round "2.44"]
[White "Kolbert, Engelbert"]
[Black "Mullick, Raahil"]
[Result "0-1"]
[WhiteElo "2113"]
[BlackElo "2386"]
[PlyCount "98"]
[EventDate "2021.07.09"]

1. e4 c5 2. Nf3 d6 3. d4 cxd4 4. Nxd4 Nf6 5. Nc3 a6 6. Be2 e5 7. Nb3 Be7 8. O-O
O-O 9. f4 Nbd7 10. f5 b5 11. a3 Bb7 12. Bf3 Qb6+ 13. Kh1 Rac8 14. Re1 Nc5 15.
Be3 Rfd8 16. Bg1 Qc7 17. Nxc5 dxc5 18. Qe2 c4 19. g4 h6 20. h4 Nh7 21. Qh2 Bc5
22. Nd5 Bxd5 23. exd5 Bxg1 24. Rxg1 f6 25. Be4 c3 26. b3 Qc5 27. Rg3 Rd6 28. a4
Qd4 29. Qe2 b4 30. Rag1 Kf8 31. Rd3 Qc5 32. Rdg3 Ke7 33. Rd1 Kd7 34. Qg2 Kc7
35. Qe2 Kb6 36. Qg2 Rh8 37. Qe2 Ka7 38. Qg2 Nf8 39. Qe2 Nd7 40. Qg2 Rf8 41. Qe2
Rd8 42. Kg2 Nb6 43. Rgd3 Nxd5 44. Bxd5 Rxd5 45. Rxd5 Rxd5 46. Rxd5 Qxd5+ 47.
Kg3 Qd4 48. Qf3 e4 49. Qf4 Kb7 0-1

[Event "International Tournament "]
[Site "Pool "]
[Date "2021.07.10"]
[Round "2.45"]
[White "Baglan, Esat"]
[Black "Dolgun, Can"]
[Result "1/2-1/2"]
[WhiteElo "2359"]
[BlackElo "2133"]
[Annotator "Balkanchess"]
[PlyCount "35"]
[EventDate "2021.07.09"]

1. c4 Nf6 2. Nc3 g6 3. d4 Bg7 4. e4 d6 5. Be2 O-O 6. Be3 e5 7. d5 a5 8. g4 Na6
9. g5 Ne8 10. h4 f5 11. gxf6 Nxf6 12. h5 Qe8 13. hxg6 Qxg6 14. Nf3 Ng4 15. Bd2
Bd7 16. Qb3 a4 17. Qc2 Nb4 18. Qb1 {...60} 1/2-1/2

[Event "International Tournament "]
[Site "Pool "]
[Date "2021.07.10"]
[Round "2.46"]
[White "Gajic, Mladen"]
[Black "Bozilov, Dragan"]
[Result "1-0"]
[WhiteElo "2352"]
[BlackElo "2056"]
[PlyCount "33"]
[EventDate "2021.07.09"]

1. d4 Nf6 2. Bg5 d5 3. Bxf6 exf6 4. e3 Bd6 5. c4 dxc4 6. Bxc4 O-O 7. Nc3 c6 8.
Qf3 Qe7 9. Nge2 Nd7 10. O-O-O Rb8 11. Ng3 g6 12. h4 Bxg3 13. Qxg3 b5 14. Bb3 a5
15. h5 Kg7 16. hxg6 fxg6 17. Qh2 1-0

[Event "International Tournament "]
[Site "Pool "]
[Date "2021.07.10"]
[Round "2.47"]
[White "Sapenov, Daniyal"]
[Black "Grieve, Harry"]
[Result "0-1"]
[WhiteElo "2034"]
[BlackElo "2351"]
[Annotator "Balkanchess"]
[PlyCount "57"]
[EventDate "2021.07.09"]

1. d4 f5 2. g3 Nf6 3. Bg2 g6 4. Nf3 Bg7 5. O-O O-O 6. c4 d6 7. Nc3 c6 8. Re1
Na6 9. a3 Nc7 10. b4 e5 11. dxe5 dxe5 12. Qb3 e4 13. Rd1 Qe7 14. Nd4 Ne6 15.
Nc2 h5 16. c5 Kh7 17. Bb2 h4 18. e3 Ng5 19. Nd4 Ng4 20. Nce2 Be5 21. Nf4 hxg3
22. fxg3 Bd7 23. h3 Nf6 24. Rf1 Rad8 25. Rad1 Nd5 26. Nxd5 cxd5 27. h4 Nf7 28.
Rf4 Bxf4 29. exf4 {...50} 0-1

[Event "International Tournament "]
[Site "Pool "]
[Date "2021.07.10"]
[Round "2.48"]
[White "Ozenir, Ekin Baris"]
[Black "Jordanov, Mihail"]
[Result "1-0"]
[WhiteElo "2331"]
[BlackElo "2082"]
[Annotator "Balkanchess"]
[PlyCount "34"]
[EventDate "2021.07.09"]

1. d4 Nf6 2. Bg5 e6 3. Nd2 h6 4. Bh4 d5 5. e3 Be7 6. Bd3 O-O 7. c3 b6 8. Bxf6
Bxf6 9. f4 Ba6 10. Bf1 c5 11. Ngf3 cxd4 12. exd4 Nc6 13. Qa4 Qc8 14. Kf2 Na5
15. Qc2 g6 16. h4 h5 17. Ne5 Qe8 {...58} 1-0

[Event "International Tournament "]
[Site "Pool "]
[Date "2021.07.10"]
[Round "2.49"]
[White "Samaridis, Konstantinos"]
[Black "Kurmangaliyeva, Liya"]
[Result "1/2-1/2"]
[WhiteElo "2081"]
[BlackElo "2322"]
[Annotator "Balkanchess"]
[PlyCount "20"]
[EventDate "2021.07.09"]

1. e4 c5 2. Nf3 Nc6 3. Bb5 g6 4. O-O Bg7 5. c3 Nf6 6. Re1 O-O 7. d4 d5 8. e5
Ne4 9. Bxc6 bxc6 10. Be3 Rb8 {...62} 1/2-1/2